000 00841nab a2200253 u 4500
001 11645
003 HDC
007 cr bn ---aaaaa
008 210207b2015mmddmy |||no |||| 00| 0 may d
040 _aHDC
245 0 _aRusia Bekerjasama Dengan Malaysia Bangun Industri Halal, Perbankan Islam /
_cBernama
260 _aMalaysia:
_bBERNAMA,
_c2015
300 _a1 online resource
336 _atext
_2rdacontent
337 _acomputer
_2rdamedia
338 _aonline resource
_2rdacarrier
650 _aBanks and banking
_xReligious aspects
_xIslam
_9262
650 _aTrade
_94755
710 _aBernama
856 _zRequest full-text at [email protected]
942 _2lcc
942 _cNEWS
942 _kNWSO 000676
999 _c8968
_d8968